Click para traducir - Alemán - Estadísticas

Estadísticas generales
  • Esta prueba ha sido intentada 64 veces
  • La puntuación promedio es 13 de 20
Estadísticas de respuestas
Hint Respuesta % Correcto
Biblioteca Bibliothek
100%
País Land
91%
Mar Meer
81%
Rojo Rot
81%
Taza Tasse
75%
Jueves Donnerstag
72%
Flor Blume
69%
Ciudad Stadt
66%
Televisión Fernseher
63%
Ferrocarril Eisenbahn
59%
Rey König
59%
Calle Straße
59%
Puente Brücke
56%
Oscuro Dunkel
56%
Mes Monat
56%
Viaje Reise
50%
Montaña Berg
47%
Cielo Himmel
47%
Pierna Bein
44%
Oveja Schaf
44%
No se encontraron pruebas coincidentes
Distribución de puntuación
Porcentaje de gente con cada puntuación
Porcentaje por número respondido
Historial de tus puntuaciones
No has intentado esta prueba.